000 00771nam a2200217 i 4500
001 141109
003 ES-MaACL
005 20250720004934.0
007 t|
008 070919s1980 sp ||||1| spa d
100 1 _aYun Casalilla, Bartolomé.
_9117742
245 1 0 _aCrisis de subsistencias y conflictividad social en Córdoba a principios del siglo XVI /
_cBartolomé Yun Casalilla.
260 _aCórdoba :
_bDiputación Provincial,
_c1980.
300 _a303 p. ;
_c23 cm.
490 1 _aEstudios cordobeses ;
_v19
651 4 _aCórdoba-
_xHistoria-
_yS.XVI
_98081
710 1 _aCórdoba (Provincia).
_bDiputación Provincial.
_93299
830 0 _aEstudios cordobeses ;
_v19
_9182336
852 _aES-MaACL
_jL-824
_bR.101400
999 _c141109
_d141109